Statistics for Never Be - 5 Seconds of Summer (All Lyrics)

Click here to take the quiz!

General Stats

  • This quiz has been taken 107 times
    (77 since last reset)
  • The average score is 286 of 321

Answer Stats

Never Be% Correct
to
100%
you
100%
are
98%
as
98%
As
98%
be
98%
Verse 1I
98%
never
98%
now
98%
the
98%
we
98%
BridgeWe
98%
young
98%
ChorusWe'll
96%
away
94%
it's
94%
It's
94%
leave
94%
let
94%
Intro | OutroOh
94%
oh
94%
time
94%
and
91%
day
91%
fade
91%
let's
91%
Let's
91%
your
91%
colours
89%
don't
89%
Don't
89%
grey
89%
run
89%
this
89%
need
85%
up
85%
black
83%
feel
83%
light
83%
love
83%
tell
83%
that
83%
tonight
83%
town
83%
When
83%
white
83%
you're
83%
all
81%
house
81%
old
81%
wanna
81%
alright
79%
back
77%
night
77%
seize
77%
too
77%
alone
74%
I'm
74%
in
74%
late
74%
mine
74%
with
74%
won't
74%
for
72%
me
72%
tomorrow
72%
wait
72%
what
72%
about
70%
follow
70%
hear
70%
home
70%
hold
68%
know
68%
guide
66%
myself
64%
sunrise
64%
eyes
62%
our
62%
beating
60%
hearts
60%
stay
60%
hands
57%
here
57%
until
57%
awake
55%
intertwine
55%
seen
51%
Verse 2I've
49%
felt
45%

Score Distribution

Percentile by Number Answered

Percent of People with Each Score

Your Score History

You have not taken this quiz since the last reset